000
00209nam a22000977a 4500
999
_c
15790
_d
15790
003
OSt
008
191021b ||||| |||| 00| 0 eng d
100
_a
Paul,M P.
_9
4312
245
_a
Sahithya Vicharam
942
_c
BK